Simplificación del procedimiento administrativo y mejora de la regulación: una metodología para la eficacia y el derecho a la buena administración
Guardat en:
| Autor principal: | |
|---|---|
| Format: | Desconegut |
| Idioma: | anglès espanyol |
| Publicat: |
Valencia, España
Tirant lo Blanch
2014
|
| Edició: | Primera edición |
| Col·lecció: | Administrativo Práctico
|
| Matèries: | |
| Etiquetes: |
Afegir etiqueta
Sense etiquetes, Sigues el primer a etiquetar aquest registre!
|
MARC
| LEADER | 00000 a2200000 4500 | ||
|---|---|---|---|
| 003 | CL-VaPUC | ||
| 005 | 20210921074644.0 | ||
| 008 | 200114b ||||| |||| 00| 0 eng d | ||
| 999 | |c 376444 |d 376442 | ||
| 020 | |a 9788490536483 | ||
| 040 | |c Pontificia Universidad Católica de Valparaíso | ||
| 041 | 0 | |a spa | |
| 082 | |a 342.4606 GAM 2014 | ||
| 100 | 1 | |a Gamero Casado, Eduardo |9 605076 | |
| 245 | 1 | 0 | |a Simplificación del procedimiento administrativo y mejora de la regulación: |b una metodología para la eficacia y el derecho a la buena administración |
| 250 | |a Primera edición | ||
| 260 | 3 | |b Tirant lo Blanch |c 2014 |a Valencia, España | |
| 300 | |a 461 p | ||
| 490 | 0 | 0 | |a Administrativo Práctico |
| 505 | 0 | |a Primera parte. Coordenadas generales de la simplificación del procedimiento administrativo. Segunda parte. Técnicas de reducción de cargas y agilización del procedimiento. | |
| 583 | |k Hugo Gaete |c 20200114 | ||
| 650 | 0 | 0 | |a Derecho administrativo |9 254851 |
| 650 | 0 | 0 | |a Procedimiento administrativo |9 256132 |
| 942 | |2 ddc |c BK | ||
| 952 | |0 0 |1 0 |2 ddc |4 0 |6 342_460600000000000_GAM_2014 |7 0 |9 495843 |a BIBDER |b BIBDER |d 2020-01-07 |e 36 |g 26877.00 |i 5571707 |o 342.4606 GAM 2014 |p 5571707 |r 2023-01-25 |t 1 |v 26877.00 |w 2020-01-07 |y BK |k DER | ||